000
00251nam a22000977a 4500
008
240404b |||||||| |||| 00| 0 eng d
020
_a
9781781572498
100
_a
HAND DIANA
_9
7759
245
_a
DRAW HORSES IN 15 MINUTES
260
_a
UK
_b
AN HACHETTE
_c
2015
999
_c
12557
_d
12557